The rise of Silas Lapham / (Record no. 80968)

MARC details
000 -LEADER
campo de control de longitud fija 00590nam a2200181 i 4500
001 - NÚMERO DE CONTROL
campo de control 80968
003 - IDENTIFICADOR DE NÚMERO DE CONTROL
campo de control ES-MaACL
005 - FECHA Y HORA DE LA ÚLTIMA TRANSACCIÓN
campo de control 20230906174335.0
007 - CAMPO FIJO DE DESCRIPCIÓN FÍSICA--INFORMACIÓN GENERAL
campo de control de longitud fija t|
008 - DATOS DE LONGITUD FIJA--INFORMACIÓN GENERAL
campo de control de longitud fija 041102s1965 xxu ||||1| eng d
100 1# - ENTRADA PRINCIPAL--NOMBRE DE PERSONA
Nombre de persona Howells, William Dean.
9 (RLIN) 64408
245 14 - MENCIÓN DEL TÍTULO
Título The rise of Silas Lapham /
Mención de responsabilidad, etc. William Dean Howells ; with a new introduction by Rudolf and Clara Marburg Kirk.
260 ## - PUBLICACIÓN, DISTRIBUCIÓN, ETC.
Lugar de publicación, distribución, etc. New York :
Nombre del editor, distribuidor, etc. Crowell-Collier Pub.,
Fecha de publicación, distribución, etc. [1965]
300 ## - DESCRIPCIÓN FÍSICA
Extensión 320 p. ;
Dimensiones 18 cm.
700 1# - ENTRADA AGREGADA--NOMBRE PERSONAL
Nombre de persona Marburg Kirk, Rudolf.
9 (RLIN) 76343
700 1# - ENTRADA AGREGADA--NOMBRE PERSONAL
Nombre de persona Marburg Kirk, Clara.
9 (RLIN) 76342
852 ## - LOCALIZACIÓN
Ubicación ES-MaACL
Número de control de estantería C-36301
Sublocalización o colección R.66135
Holdings
Estatus retirado Estado de pérdida Estado de daño No para préstamo Biblioteca de origen Biblioteca actual Ubicación en estantería Fecha de adquisición Fuente de adquisición Total de préstamos Signatura topográfica completa Código de barras Visto por última vez Precio de reemplazo Tipo de ítem Koha
        Biblioteca del Ateneo de Madrid Biblioteca del Ateneo de Madrid Depósito 2 17/01/2008     C-36301 1084645 23/02/2023 23/02/2023 Libro impreso